000 00321nam a2200157Ia 4500
100 _aBasu/Prabir K
650 _aEngineering physics
942 _cBK
366 _f20
245 _aEngineering physics
260 _bAne Books India
_c2009
082 _a530
_bBAS
300 _a257
546 _aENGLISH
999 _c23614
_d23614